000 00755cam a2200229 a 4500
001 000007634
005 20200929154236.0
008 031031s2002 gt 001 p spa
040 _aDO-SdBNP
_cDLC
_dDLC
082 _a864.6
_bA668p
100 1 _aArce, Manuel José,
_d1935-1985.
_921179
245 1 0 _aPiedras amargas /
_cManuel José ; compilación, José Mejía.
260 _aGuatemala :
_bCultura,
_c2002.
300 _a95 p. ;
_c21 cm.
490 1 _aEnsayo
490 1 _aLuis Cardoza y Aragón
_vno. 29
650 4 _aEnsayos guatemaltecos
_921180
650 4 _aLiteratura guatemalteca
_95393
700 1 _aMejía, José,
_d1939-
_ecomp.
_921181
830 0 _aEnsayo,
_pLuis Cardoza y Aragón ;
_vno. 29.
_921182
910 _aCatalogación por copia / LC
999 _c7414
_d7414